000 00627nam a2200217Ia 4500
003 GCL
008 140319s9999 xx 000 0 eng d
040 _aGCL /
_cGCL
082 0 4 _a658.514
_bB S
100 1 _aWHEELWRIGHT, STEVEN C.
245 1 0 _aSTRATEGIC MANAGEMENT OF TECHNOLOGY AND INNOVATION /
_cWHEELWRIGHT, STEVEN C.
700 1 _aBURGELMAN, ROBERT A
700 1 _aMAIDIQUE, MODESTS A
260 _a[S.N] :
_bIRWIN ،
_c1996
300 _a923 P
650 0 4 _aMANAGEMENT
650 0 4 _aNEW PRODUCTS - MANAGEMENT
650 0 4 _aTECHNOLOGICAL INNOVATIONS
650 0 4 _aHIGH TECHNOLOGY INDUSTRIES
942 _2ddc
_cBK
999 _c13656
_d13656